Statistics for Largest U.S. Double - Letter Cities

Click here to take the quiz!

General Stats

  • This quiz has been taken 739 times
  • The average score is 14 of 20

Answer Stats

PopulationStateCity% Correct
1,241,162TexasDallas
98%
634,535WashingtonSeattle
93%
392,880MinnesotaMinneapolis
92%
624,496TennesseeNashville
92%
306,211PennsylvaniaPittsburgh
89%
775,202North CarolinaCharlotte
87%
836,507FloridaJacksonville
87%
296,550OhioCincinnati
86%
598,916WisconsinMilwaukee
85%
605,110KentuckyLouisville
84%
259,384New YorkBuffalo
82%
196,537ArkansasLittle Rock
77%
186,971FloridaTallahassee
77%
277,080North CarolinaGreensboro
54%
195,250TexasAmarillo
42%
223,514ArizonaScottsdale
40%
236,065TexasLubbock
39%
183,739AlabamaHuntsville
34%
202,103North CarolinaFayetteville
31%
199,552CaliforniaMoreno Valley
4%

Score Distribution

Percentile by Number Answered

Percent of People with Each Score

Your Score History

You have not taken this quiz